| Tag |
First Indicator |
Second Indicator |
Subfields |
| LEADER |
00000cam a2200000 i 4500 |
| 001 |
in00000031286 |
| 005 |
20151007060352.0 |
| 008 |
880719s19881984nyu j 00011 eng d |
| 020 |
|
|
|a 0553272330
|
| 035 |
|
|
|a (OCoLC)18235029
|
| 035 |
|
|
|9 AAC0680AM
|
| 040 |
|
|
|a IEZ
|c IEZ
|d TXA
|d UtOrBLW
|
| 049 |
|
|
|a TXAS
|c [A09879437]
|
| 050 |
|
4 |
|a PZ7.H5493
|b Ex 1988
|
| 100 |
1 |
|
|a Hill, Douglas,
|d 1935-2007.
|
| 245 |
1 |
0 |
|a Exiles of ColSec /
|c Douglas Hill.
|
| 264 |
|
1 |
|a Toronto ;
|a New York :
|b Bantam Books,
|c 1988
|
| 264 |
|
4 |
|c ©1984
|
| 300 |
|
|
|a 164 pages ;
|c 18 cm.
|
| 336 |
|
|
|a text
|b txt
|2 rdacontent
|
| 337 |
|
|
|a unmediated
|b n
|2 rdamedia
|
| 338 |
|
|
|a volume
|b nc
|2 rdacarrier
|
| 500 |
|
|
|a "A Bantam Starfire Sci-Fi book."
|
| 999 |
|
|
|a MARS
|
| 999 |
f |
f |
|s 7254c459-c1b7-3533-87cf-250ab475d128
|i b6319aa5-9813-3632-b16f-623dbe6c29a6
|t 0
|
| 952 |
f |
f |
|p noncirc
|a Texas A&M University
|b College Station
|c Cushing Memorial Library & Archives
|d Cushing: Science Fiction (Does not check out)
|t 0
|e PZ7.H5493 Ex 1988
|h Library of Congress classification
|i unmediated -- volume
|m A14809879437
|
| 998 |
f |
f |
|a PZ7.H5493 Ex 1988
|t 0
|l Cushing: Science Fiction (Does not check out)
|